Catálogo

EL ESTADO Y LA REVOLUCION (Registro nro. 15327)

Detalles MARC
000 -LEADER
fixed length control field 00457nam a2200169 a 4500
001 - CONTROL NUMBER
control field 15327
005 - DATE AND TIME OF LATEST TRANSACTION
control field 20180713203958.0
008 - FIXED-LENGTH DATA ELEMENTS--GENERAL INFORMATION
fixed length control field 140415s1970 000 0 spa d
041 ## - LANGUAGE CODE
Language code of text/sound track or separate title spa
082 ## - DEWEY DECIMAL CLASSIFICATION NUMBER
Classification number 320.5322
Item number LEN
100 1# - MAIN ENTRY--PERSONAL NAME
Personal name LENIN, V. I.
245 13 - TITLE STATEMENT
Title EL ESTADO Y LA REVOLUCION
250 ## - EDITION STATEMENT
Edition statement 2a ed.
260 ## - PUBLICATION, DISTRIBUTION, ETC.
Place of publication, distribution, etc. [s.l.] :
Name of publisher, distributor, etc. EDITORIAL DE CIENCIAS SOCIALES,
Date of publication, distribution, etc. 1970
300 ## - PHYSICAL DESCRIPTION
Extent 142
650 14 - SUBJECT ADDED ENTRY--TOPICAL TERM
Topical term or geographic name entry element ESTADO
General subdivision FORMAS DE GOBIERNO
-- MARXISMO
Existencias
Withdrawn status Lost status Source of classification or shelving scheme Damaged status Not for loan Collection code Home library Current library Shelving location Date acquired Source of acquisition Inventory number Total Checkouts Full call number Barcode Date last seen Price effective from Koha item type
    Dewey Decimal Classification     General Biblioteca Karol Wojtyla Biblioteca Karol Wojtyla Sala general 03/12/2013 Compra 151000000000000000055996   320.5322 LEN 32853 05/01/2026 03/12/2013 Libro
    Dewey Decimal Classification     General Biblioteca Karol Wojtyla Biblioteca Karol Wojtyla Sala general 03/12/2013 Compra 151000000000000000055995   320.5322 LEN 32852 05/01/2026 03/12/2013 Libro
    Dewey Decimal Classification     General Biblioteca Karol Wojtyla Biblioteca Karol Wojtyla Sala general 03/12/2013 Compra 151000000000000000055997   320.5322 LEN 32854 05/01/2026 03/12/2013 Libro